[Event "Reunion op 17th"]
[Site "St Denis"]
[Date "2015.10.10"]
[Round "6"]
[White "Larmet, Nino"]
[Black "Collet, Marine Celine There"]
[Result "0-1"]
[WhiteElo "1099"]
[BlackElo "1450"]
[PlyCount "54"]
[EventDate "2015.10.10"]
[EventType "swiss"]
[EventRounds "9"]
[EventCountry "RUF"]
[SourceTitle "CBM 168 Extra"]
[Source "ChessBase"]
[SourceDate "2015.10.29"]
[SourceVersion "1"]
[SourceVersionDate "2015.10.29"]
[SourceQuality "1"]

1. e4 e5 2. Nf3 Nc6 3. Bb5 Bd6 4. Bxc6 dxc6 5. 0-0 Bg4 6. h3 Bh5 7. Nc3 Qf6 8. d3 Bxf3 9. Qxf3 Qxf3 10. gxf3 0-0-0 11. Be3 Ne7 12. Bxa7 b6 13. Na4 Kb7 14. Bxb6 cxb6 15. Rab1 g5 16. b4 Kc7 17. c4 h5 18. Rfc1 g4 19. fxg4 Rdg8 20. f3 hxg4 21. fxg4 f5 22. c5 bxc5 23. bxc5 fxg4 24. hxg4 Rxg4+ 25. Kf1 Rh1+ 26. Ke2 Rh2+ 27. Kd1 Rg1# 0-1